书目信息 |
| 题名: |
认真学习两条路线斗争的历史
|
|
| 作者: | ||
| 分册: | ||
| 出版信息: | 1971 |
|
| 页数: | 87页 | |
| 开本: | 20cm | |
| 丛书名: | ||
| 单 册: | ||
| 中图分类: | A46 | |
| 科图分类: | ||
| 主题词: | 毛泽东著作--专题汇编 | |
| 电子资源: | ||
| ISBN: | ||
| 000 | 00458nam0 2200169 450 | |
| 001 | 0736851890 | |
| 005 | 20071001101502.76 | |
| 100 | @a20071001d1971 km y0chiy0120 ea | |
| 101 | 0 | @achi |
| 200 | 1 | @a认真学习两条路线斗争的历史@Aren zhen xue xi liang tiao lu xian dou zheng de li shi |
| 210 | @d1971 | |
| 215 | @a87页@d20cm | |
| 300 | @a内部学习,不要外传 | |
| 606 | 0 | @a毛泽东著作@x专题汇编 |
| 690 | @aA46@v3 | |
| 801 | 0 | @aCN@bPFT@c20071001 |
| 905 | @a10447@dA46@e51 | |
| 认真学习两条路线斗争的历史.-1971 |
| 87页;20cm |
| 内部学习,不要外传 |
| ISBN : |
| ● |
| 相关链接 |
|
|
|
|
正题名:认真学习两条路线斗争的历史
索取号:A46/51
 
预约/预借
| 序号 | 登录号 | 条形码 | 馆藏地/架位号 | 状态 | 备注 |
| 1 | 0626319 | 206263194 | 密集书库/ [索取号:A46/51] | 在馆 |